[Event "Florianopolis op 8th"]
[Site "Florianopolis"]
[Date "2022.01.29"]
[Round "8"]
[White "Buiar, Maria Eduarda Beral"]
[Black "Da Cunha, Gabriela Goes"]
[Result "1/2-1/2"]
[WhiteElo "1248"]
[BlackElo "1723"]
[PlyCount "104"]
[EventDate "2022.01.24"]
[EventType "swiss"]
[EventRounds "10"]
[EventCountry "BRA"]
[SourceTitle "EXT 2023"]
[Source "ChessBase"]
[SourceDate "2022.10.05"]
[SourceVersion "1"]
[SourceVersionDate "2022.10.05"]
[SourceQuality "1"]

1. e4 c6 2. f4 d5 3. e5 Bf5 4. Nf3 e6 5. c3 c5 6. d3 Nc6 7. g3 Qb6 8. Bg2 h5 9. Nh4 Bg4 10. Qc2 Be7 11. Nf3 Bf5 12. Be3 Qa6 13. Bf1 c4 14. Nbd2 Nh6 15. h3 Bxd3 16. Bxd3 cxd3 17. Qb3 Nf5 18. Bf2 Na5 19. Qa4+ b5 20. Qd1 Nc4 21. Qb3 Nfe3 22. Bxe3 Nxe3 23. Rc1 Nc2+ 24. Kd1 Qb6 25. Nd4 Ne3+ 26. Ke1 Rb8 27. a4 a6 28. a5 Qc7 29. Rg1 Bc5 30. N2f3 Nc4 31. Qa2 Bxd4 32. cxd4 Qxa5+ 33. Qxa5 Nxa5 34. Rc7 0-0 35. g4 hxg4 36. Rxg4 Rbc8 37. Ra7 Nb3 38. f5 exf5 39. Rg5 Rc1+ 40. Kf2 Rc6 41. Ke3 d2 42. Nxd2 Nxd2 43. Kxd2 g6 44. Rd7 Kg7 45. Rxd5 f6 46. Rg3 fxe5 47. dxe5 Re6 48. Kd3 f4 49. Rf3 g5 50. Ke4 Kg6 51. b3 Rfe8 52. Rfd3 R8e7 1/2-1/2

[Event "Florianopolis op 8th"]
[Site "Florianopolis"]
[Date "2022.01.29"]
[Round "9"]
[White "Orlandi Neto, Aristides"]
[Black "Buiar, Maria Eduarda Beral"]
[Result "1/2-1/2"]
[WhiteElo "1731"]
[BlackElo "1248"]
[PlyCount "113"]
[EventDate "2022.01.24"]
[EventType "swiss"]
[EventRounds "10"]
[EventCountry "BRA"]
[SourceTitle "EXT 2023"]
[Source "ChessBase"]
[SourceDate "2022.10.05"]
[SourceVersion "1"]
[SourceVersionDate "2022.10.05"]
[SourceQuality "1"]

1. e4 c5 2. c3 d5 3. exd5 Qxd5 4. d4 cxd4 5. cxd4 e6 6. Nc3 Bb4 7. Bd2 Qxd4 8. Nf3 Qd8 9. Qa4+ Nc6 10. 0-0-0 Bd7 11. Nb5 a6 12. Bxb4 axb5 13. Qxb5 Rxa2 14. Kb1 Nxb4 15. Qxb4 Qa5 16. Qxa5 Rxa5 17. Be2 Nf6 18. Nd4 0-0 19. Nb3 Re5 20. Bf3 Ba4 21. Rd3 Rb5 22. Nd2 Rc5 23. Rc1 Rfc8 24. Rxc5 Rxc5 25. Rd8+ Ne8 26. Bxb7 Kf8 27. b3 Bb5 28. Ra8 Bd3+ 29. Kb2 Rc2+ 30. Ka3 Ke7 31. Ne4 Nc7 32. Ra5 Re2 33. Rc5 Kd8 34. Nd6 Rxf2 35. Bf3 f6 36. Nb7+ Kd7 37. Bc6+ Ke7 38. Rc3 Bb5 39. Bf3 Kd7 40. Kb4 Bf1 41. Bc6+ Ke7 42. Ka5 Nd5 43. Bxd5 exd5 44. Rc7+ Ke6 45. Rxg7 Rxg2 46. Rxh7 d4 47. Kb4 d3 48. Nc5+ Ke5 49. Rd7 d2 50. Kc3 Rxh2 51. Rxd2 Rxd2 52. Kxd2 Bb5 53. Ke3 Kd5 54. Nb7 f5 55. Nd8 Kc5 56. Ne6+ Kb4 57. Kf4 1/2-1/2

[Event "BRA-ch U14 Girls"]
[Site "Juiz de Fora"]
[Date "2021.10.12"]
[Round "6"]
[White "Buiar, Maria Eduarda Beral"]
[Black "Campagnolo, Bruna"]
[Result "0-1"]
[WhiteElo "1286"]
[BlackElo "1357"]
[PlyCount "106"]
[EventDate "2021.10.09"]
[EventType "swiss"]
[EventRounds "6"]
[EventCountry "BRA"]
[SourceTitle "EXT 2023"]
[Source "ChessBase"]
[SourceDate "2022.10.05"]
[SourceVersion "1"]
[SourceVersionDate "2022.10.05"]
[SourceQuality "1"]

1. e4 c5 2. f4 e6 3. Nf3 d5 4. e5 Nh6 5. d3 Nc6 6. c3 Nf5 7. g3 h5 8. Na3 a6 9. Nc2 b5 10. Ne3 Nce7 11. Qc2 Bb7 12. d4 Rc8 13. Qf2 cxd4 14. cxd4 Qb6 15. Nxf5 Nxf5 16. Bg2 Bb4+ 17. Bd2 Rc2 18. Rd1 Rxb2 19. 0-0 Nxd4 20. Nxd4 Bc5 21. Ba5 Rxf2 22. Bxb6 Rxf1+ 23. Kxf1 Bxb6 24. Nc2 h4 25. g4 Ke7 26. f5 Rc8 27. Rd2 Rc4 28. Bf3 Rf4 29. Kg2 exf5 30. gxf5 Rxf5 31. Rd3 Bc7 32. Nb4 Rxe5 33. Rd2 Bd6 34. Nd3 Rf5 35. Re2+ Kf8 36. h3 Rg5+ 37. Kf2 Rg3 38. a4 Rxh3 39. axb5 Rh2+ 40. Kf1 Rxe2 41. Kxe2 axb5 42. Nb2 b4 43. Kf2 b3 44. Bd1 Ba3 45. Na4 b2 46. Nc3 d4 47. Nb1 Be4 48. Nxa3 b1Q 49. Nxb1 Bxb1 50. Bg4 Ke7 51. Kf3 Kd6 52. Ke2 Ke5 53. Kf3 Bf5 0-1

[Event "BRA-ch U14 Girls"]
[Site "Juiz de Fora"]
[Date "2021.10.11"]
[Round "4"]
[White "Barberi, Catarina"]
[Black "Buiar, Maria Eduarda Beral"]
[Result "1-0"]
[WhiteElo "1298"]
[BlackElo "1286"]
[PlyCount "71"]
[EventDate "2021.10.09"]
[EventType "swiss"]
[EventRounds "6"]
[EventCountry "BRA"]
[SourceTitle "EXT 2023"]
[Source "ChessBase"]
[SourceDate "2022.10.05"]
[SourceVersion "1"]
[SourceVersionDate "2022.10.05"]
[SourceQuality "1"]

1. d4 Nf6 2. c4 e6 3. Nf3 Bb4+ 4. Bd2 Bxd2+ 5. Nbxd2 0-0 6. e3 d5 7. Bd3 b6 8. cxd5 Nxd5 9. 0-0 Bb7 10. a3 Nd7 11. Qe2 Rb8 12. Rfc1 Re8 13. Bb5 h6 14. Ne5 N5f6 15. Bc6 Qc8 16. Ndf3 Rf8 17. Qc2 Nxe5 18. Nxe5 Qd8 19. b4 a6 20. Qd3 Bc8 21. Bf3 Qd6 22. Rc6 Qe7 23. Rac1 Nd5 24. Bxd5 exd5 25. Rxc7 Qd6 26. R1c6 Qd8 27. Qc2 f6 28. Qg6 Bd7 29. Rxd7 Qxd7 30. Nxd7 Rbc8 31. Rxc8 Rxc8 32. g3 Rc1+ 33. Kg2 Rc8 34. Nxf6+ Kf8 35. Nxd5 Rb8 36. Qd6+ 1-0

[Event "Pan American-ch Hybrid U14 Girls 31st"]
[Site "Tornelo INT"]
[Date "2021.09.04"]
[Round "1"]
[White "Cardoso, Julia Paulina Reis"]
[Black "Buiar, Maria Eduarda Beral"]
[Result "0-1"]
[WhiteElo "1061"]
[BlackElo "1344"]
[PlyCount "50"]
[EventDate "2021.09.04"]
[EventType "swiss"]
[EventRounds "9"]
[EventCountry "NET"]
[SourceTitle "EXT 2023"]
[Source "ChessBase"]
[SourceDate "2022.10.05"]
[SourceVersion "1"]
[SourceVersionDate "2022.10.05"]
[SourceQuality "1"]

1. e4 c5 2. Nf3 d6 3. Bb5+ Bd7 4. Bxd7+ Qxd7 5. c4 Nc6 6. d4 cxd4 7. Nxd4 Ne5 8. b3 Nf6 9. f3 e6 10. Nc3 d5 11. a3 dxc4 12. bxc4 Bc5 13. Be3 Rd8 14. Nce2 0-0 15. Bf2 Qd6 16. Nb5 Qb6 17. Ned4 a6 18. f4 axb5 19. fxe5 Bxd4 20. Bxd4 Rxd4 21. Qf3 Rxe4+ 22. Kd1 Qd4+ 23. Kc2 Qxc4+ 24. Kd2 Rd8+ 25. Qd3 Rxd3# 0-1

[Event "Florianopolis op 7th"]
[Site "Florianopolis"]
[Date "2021.01.23"]
[Round "8"]
[White "Nones, Vinicius Gabriel"]
[Black "Buiar, Maria Eduarda Beral"]
[Result "0-1"]
[WhiteElo "1048"]
[BlackElo "1344"]
[PlyCount "64"]
[EventDate "2021.01.18"]
[EventType "swiss"]
[EventRounds "10"]
[EventCountry "BRA"]
[SourceTitle "CBM 200 Extra"]
[Source "ChessBase"]
[SourceDate "2021.03.31"]
[SourceVersion "1"]
[SourceVersionDate "2021.03.31"]
[SourceQuality "1"]

1. d4 Nf6 2. e3 g6 3. c4 Bg7 4. Nf3 0-0 5. Bd3 d6 6. h3 Nbd7 7. Nc3 Re8 8. 0-0 e5 9. Bc2 b6 10. b4 Bb7 11. Rb1 Rb8 12. Bd2 Nh5 13. d5 Ba6 14. Bd3 Nhf6 15. Be2 e4 16. Nd4 Ne5 17. b5 Bb7 18. Qc2 Ra8 19. a4 Qd7 20. Rfc1 Rac8 21. Na2 a5 22. Nc3 Qd8 23. Nc6 Bxc6 24. dxc6 d5 25. cxd5 Nxd5 26. Nxd5 Qxd5 27. Rd1 Nd3 28. Rb3 Rcd8 29. Bc1 Qc4 30. Bxd3 Rxd3 31. Rd2 Qxc2 32. Rxc2 Rxb3 0-1

[Event "Siqueira Campos Super 8"]
[Site "Chess.com INT"]
[Date "2020.12.06"]
[Round "6"]
[White "Rodrigues Mota, Sophia Lorena"]
[Black "Buiar, Maria Eduarda Beral"]
[Result "0-1"]
[WhiteElo "1418"]
[BlackElo "1335"]
[PlyCount "85"]
[EventDate "2020.11.30"]
[EventType "tourn"]
[EventRounds "14"]
[EventCountry "BRA"]
[SourceTitle "EXT 2022"]
[Source "ChessBase"]
[SourceDate "2021.10.06"]
[SourceVersion "1"]
[SourceVersionDate "2021.10.06"]
[SourceQuality "1"]

1. e4 c6 2. d4 d5 3. exd5 cxd5 4. Nc3 Nf6 5. Nf3 g6 6. Bb5+ Bd7 7. Bd3 Bg7 8. Ne5 Nc6 9. Nxc6 bxc6 10. Be3 Ng4 11. 0-0 0-0 12. Be2 Nxe3 13. fxe3 a5 14. Bf3 e5 15. a3 e4 16. Be2 a4 17. Qd2 Qg5 18. g3 Bh3 19. Rf2 Bh6 20. Nd1 Rab8 21. c3 Rb3 22. Bf1 Bxf1 23. Kxf1 Qg4 24. Qe2 Qh3+ 25. Kg1 Bg7 26. Rf4 Rc8 27. c4 h5 28. Rh4 Qe6 29. cxd5 cxd5 30. Nc3 Bh6 31. Rf1 Bg5 32. Rhf4 Bxf4 33. Rxf4 Rcb8 34. Rf2 Qc6 35. Nd1 Qc1 36. Rf1 Rd3 37. Qf2 Rb7 38. Qe2 Rd2 39. Qe1 Qc2 40. Rf2 Rxf2 41. Nxf2 Rxb2 42. g4 Rb1 43. Nd1 0-1

[Event "Siqueira Campos Super 8"]
[Site "Chess.com INT"]
[Date "2020.12.02"]
[Round "4"]
[White "Grebogi, Ana Lia"]
[Black "Buiar, Maria Eduarda Beral"]
[Result "0-1"]
[WhiteElo "1062"]
[BlackElo "1335"]
[PlyCount "62"]
[EventDate "2020.11.30"]
[EventType "tourn"]
[EventRounds "14"]
[EventCountry "BRA"]
[SourceTitle "EXT 2022"]
[Source "ChessBase"]
[SourceDate "2021.10.06"]
[SourceVersion "1"]
[SourceVersionDate "2021.10.06"]
[SourceQuality "1"]

1. e4 c5 2. Nc3 d6 3. g3 Nf6 4. f4 e6 5. Bg2 Nbd7 6. Nf3 e5 7. d3 Be7 8. 0-0 0-0 9. f5 Rb8 10. h3 b5 11. a3 b4 12. axb4 cxb4 13. Ne2 b3 14. c3 a5 15. g4 Qb6+ 16. Kh2 d5 17. g5 Nh5 18. h4 dxe4 19. dxe4 Rd8 20. Ng3 Nxg3 21. Kxg3 Ba6 22. Rh1 Nf6 23. Qg1 Nxe4+ 24. Kh3 Nf2+ 25. Kg3 Nxh1+ 26. Qxh1 Bd6 27. h5 e4+ 28. Ne5 Bxe5+ 29. Kg4 Be2+ 30. Kh4 Qf2+ 31. Kh3 Qg3# 0-1

[Event "Siqueira Campos Super 8"]
[Site "Chess.com INT"]
[Date "2020.11.30"]
[Round "2"]
[White "Buiar, Maria Eduarda Beral"]
[Black "Ramazzotte, Esther Zilli"]
[Result "1-0"]
[WhiteElo "1335"]
[BlackElo "1167"]
[PlyCount "57"]
[EventDate "2020.11.30"]
[EventType "tourn"]
[EventRounds "14"]
[EventCountry "BRA"]
[SourceTitle "EXT 2022"]
[Source "ChessBase"]
[SourceDate "2021.10.06"]
[SourceVersion "1"]
[SourceVersionDate "2021.10.06"]
[SourceQuality "1"]

1. e4 c6 2. d4 d5 3. exd5 cxd5 4. Nc3 Nf6 5. Nf3 Bf5 6. Ne5 e6 7. g4 Bg6 8. h4 h6 9. Bb5+ Nbd7 10. g5 hxg5 11. Bxg5 Bh5 12. Qd3 Be7 13. Bxf6 Bxf6 14. Nxd7 Ke7 15. Nxf6 gxf6 16. f3 Qd6 17. 0-0-0 Qf4+ 18. Kb1 Qxf3 19. Qd2 Rhg8 20. Be2 Qf5 21. Rhf1 Qh7 22. Nb5 a5 23. Qf4 Rac8 24. Qxf6+ Kd7 25. Bxh5 Qxh5 26. Qf4 Rc6 27. Qxf7+ Qxf7 28. Rxf7+ Kc8 29. Na7+ 1-0

[Event "South America-ch U12 Girls 16th"]
[Site "Buenos Aires"]
[Date "2019.12.03"]
[Round "4.8"]
[White "Barberi, Catarina"]
[Black "Buiar, Maria Eduarda Beral"]
[Result "1/2-1/2"]
[WhiteElo "1312"]
[BlackElo "1380"]
[PlyCount "105"]
[EventDate "2019.12.01"]
[EventType "swiss"]
[EventRounds "9"]
[EventCountry "ARG"]
[SourceTitle "EXT 2024"]
[Source "ChessBase"]
[SourceDate "2023.10.10"]
[SourceVersion "1"]
[SourceVersionDate "2023.10.10"]
[SourceQuality "1"]

1. d4 Nf6 2. c4 g6 3. Nf3 Bg7 4. Nc3 d5 5. cxd5 Nxd5 6. e4 Nxc3 7. bxc3 c5 8. Be3 0-0 9. Qd2 Qa5 10. Rc1 Rd8 11. Be2 Nc6 12. d5 Bg4 13. c4 Qb6 14. 0-0 Bxf3 15. Bxf3 Nd4 16. Be2 Qd6 17. Bd3 Be5 18. f4 Bg7 19. e5 Qd7 20. Bxd4 cxd4 21. Be4 e6 22. Qxd4 exd5 23. Qxd5 Qg4 24. Qxb7 Bh6 25. Bd5 Rf8 26. g3 Rab8 27. Qxa7 Rb2 28. Rf2 Re2 29. Bf3 Qf5 30. Rxe2 Qd3 31. Qe3 Qd7 32. Rd2 Qe7 33. Rcd1 Rc8 34. Qd4 Bf8 35. Qd6 Qa7+ 36. Qd4 Bc5 37. Kf1 Bxd4 38. Rxd4 Kg7 39. Bg4 Rb8 40. e6 Qb7 41. exf7 Qh1+ 42. Ke2 Qxh2+ 43. Kf3 Kxf7 44. Rd7+ Kf8 45. Rd8+ Rxd8 46. Rxd8+ Ke7 47. Rd7+ Kf6 48. Rd6+ Kg7 49. Rd7+ Kf6 50. Rd6+ Ke7 51. Rd7+ Kf6 52. Rd6+ Ke7 53. Rd7+ 1/2-1/2

[Event "South America-ch U12 Girls 16th"]
[Site "Buenos Aires"]
[Date "2019.12.02"]
[Round "2.8"]
[White "Neyra Alba, Daniela Sofia"]
[Black "Buiar, Maria Eduarda Beral"]
[Result "1-0"]
[WhiteElo "1069"]
[BlackElo "1380"]
[PlyCount "115"]
[EventDate "2019.12.01"]
[EventType "swiss"]
[EventRounds "9"]
[EventCountry "ARG"]
[SourceTitle "EXT 2024"]
[Source "ChessBase"]
[SourceDate "2023.10.10"]
[SourceVersion "1"]
[SourceVersionDate "2023.10.10"]
[SourceQuality "1"]

1. e4 c5 2. Nf3 d6 3. d4 cxd4 4. Nxd4 Nf6 5. Nc3 g6 6. Be3 Bg7 7. f3 Bd7 8. Qd2 Nc6 9. 0-0-0 0-0 10. h4 h5 11. Be2 Ne5 12. Bh6 Rc8 13. Bxg7 Kxg7 14. Qg5 Qa5 15. Kb1 Qb4 16. Qd2 Nc4 17. Bxc4 Rxc4 18. Nb3 a5 19. a3 Qb6 20. Nd5 Nxd5 21. Qxd5 Rfc8 22. Qxa5 Qe3 23. Qd2 Qb6 24. Rc1 Ba4 25. Qd3 Bb5 26. Qd5 e6 27. Qd2 e5 28. g4 Qa6 29. gxh5 Rxc2 30. Rxc2 Rxc2 31. Kxc2 Ba4 32. hxg6 fxg6 33. h5 Qc4+ 34. Kb1 Bxb3 35. Qxd6 Qc2+ 36. Ka1 gxh5 37. Qxe5+ Kf8 38. Qh8+ Ke7 39. Qxh5 Bf7 40. Qe5+ Kd7 41. Qb5+ Kc7 42. Qg5 Qb3 43. Qc5+ Kd7 44. Qd4+ Ke8 45. Rh8+ Bg8 46. Kb1 Qa2+ 47. Kc1 Qf7 48. Qe5+ Kd7 49. Qd5+ Qxd5 50. exd5 Bxd5 51. f4 Ke6 52. b4 Bc6 53. Rh6+ Kf5 54. Rxc6 bxc6 55. a4 Kxf4 56. a5 Ke5 57. a6 Kd6 58. a7 1-0

[Event "Caioba Copel op 5th"]
[Site "Caioba"]
[Date "2019.09.17"]
[Round "4"]
[White "Buiar, Maria Eduarda Beral"]
[Black "De Carvalho, Thais Ferreira Mont"]
[Result "1/2-1/2"]
[WhiteElo "1390"]
[BlackElo "1652"]
[PlyCount "77"]
[EventDate "2019.08.15"]
[EventType "swiss"]
[EventRounds "6"]
[EventCountry "BRA"]
[SourceTitle "EXT 2020"]
[Source "ChessBase"]
[SourceDate "2019.10.17"]
[SourceVersion "1"]
[SourceVersionDate "2019.10.17"]
[SourceQuality "1"]

1. d4 e6 2. Bf4 Nf6 3. e3 d5 4. Nf3 c5 5. c3 Nc6 6. Bd3 Be7 7. Nbd2 0-0 8. 0-0 b6 9. Re1 Bb7 10. h3 Rc8 11. Qe2 Bd6 12. Bxd6 Qxd6 13. Rad1 e5 14. e4 cxd4 15. exd5 Nxd5 16. Nc4 Qe7 17. cxd4 Nf4 18. Qf1 Nxd4 19. Rxe5 Nxf3+ 20. gxf3 Qh4 21. Bf5 Rcd8 22. Rxd8 Rxd8 23. Ne3 Bxf3 24. Qb5 g6 25. Re8+ Rxe8 26. Qxe8+ Kg7 27. Qe5+ Kh6 28. Ng4+ Bxg4 29. Qxf4+ Qg5 30. Qxg5+ Kxg5 31. Bxg4 f5 32. Bf3 Kf4 33. Bd5 g5 34. Kg2 h5 35. Bf7 h4 36. Be6 Ke4 37. Bd7 Kf4 38. Be6 Ke4 39. Bd7 1/2-1/2

[Event "BRA-ch U12 Girls"]
[Site "Florianopolis"]
[Date "2019.04.21"]
[Round "5"]
[White "Campagnolo, Bruna1111"]
[Black "Buiar, Maria Eduarda Beral"]
[Result "0-1"]
[WhiteElo "1287"]
[BlackElo "1396"]
[PlyCount "33"]
[EventDate "2019.04.18"]
[EventType "swiss"]
[EventRounds "6"]
[EventCountry "BRA"]
[SourceTitle "CBM 190 Extra"]
[Source "ChessBase"]
[SourceDate "2019.07.15"]
[SourceVersion "1"]
[SourceVersionDate "2019.07.15"]
[SourceQuality "1"]

1. d4 Nf6 2. c4 g6 3. e3 Bg7 4. f4 d6 5. Nf3 Nbd7 6. Nc3 0-0 7. Bd3 Re8 8. e4 e5 9. d5 exf4 10. Bxf4 Nc5 11. Qe2 Bf5 12. Nd2 Qe7 13. Bc2 Ncxe4 14. Ncxe4 Nxe4 15. 0-0 Nxd2 16. Qxe7 Rxe7 17. Bxd2 0-1

[Event "Florianopolis op 5th"]
[Site "Florianopolis"]
[Date "2019.01.21"]
[Round "1"]
[White "Federzoni, Enzo"]
[Black "Buiar, Maria Eduarda Beral"]
[Result "1-0"]
[WhiteElo "1930"]
[BlackElo "1315"]
[PlyCount "57"]
[EventDate "2019.01.21"]
[EventType "swiss"]
[EventRounds "10"]
[EventCountry "BRA"]
[SourceTitle "CBM 188 Extra"]
[Source "ChessBase"]
[SourceDate "2019.02.26"]
[SourceVersion "1"]
[SourceVersionDate "2019.02.26"]
[SourceQuality "1"]

1. c4 Nf6 2. Nc3 g6 3. e4 d6 4. d4 Nbd7 5. Be2 Bg7 6. Be3 0-0 7. Nf3 Re8 8. 0-0 e5 9. d5 Qe7 10. Ne1 Nb6 11. b4 Rd8 12. Rc1 c6 13. c5 Nbd7 14. dxc6 bxc6 15. cxd6 Qe6 16. b5 Nb6 17. Bc5 Bd7 18. a4 cxb5 19. Bxb5 Bxb5 20. Nxb5 Rac8 21. a5 Nc4 22. Nc7 Rxc7 23. dxc7 Rxd1 24. Rxd1 Ne8 25. Rd8 Bf6 26. c8Q Bxd8 27. Qxd8 Kg7 28. Nf3 Qc6 29. Qd5 1-0

[Event "Caioba Telecom op"]
[Site "Caioba"]
[Date "2018.08.04"]
[Round "7"]
[White "Dutra, Liliam Guedes"]
[Black "Buiar, Maria Eduarda Beral"]
[Result "0-1"]
[WhiteElo "1518"]
[BlackElo "1273"]
[PlyCount "72"]
[EventDate "2018.08.01"]
[EventType "swiss"]
[EventRounds "9"]
[EventCountry "BRA"]
[SourceTitle "CBM 186 Extra"]
[Source "ChessBase"]
[SourceDate "2018.08.24"]
[SourceVersion "1"]
[SourceVersionDate "2018.08.24"]
[SourceQuality "1"]

1. e4 e5 2. Nf3 d6 3. d4 Nd7 4. Bc4 Be7 5. 0-0 h6 6. Nc3 Ngf6 7. Re1 c6 8. d5 Rb8 9. b3 0-0 10. Nh4 cxd5 11. exd5 Nb6 12. Nf3 Nxc4 13. bxc4 Bf5 14. Be3 b6 15. h3 Rc8 16. Qe2 Rc7 17. Rec1 Bc8 18. Nb5 Rd7 19. Rab1 Ne4 20. Qd3 Nf6 21. Nxa7 e4 22. Qe2 exf3 23. Qxf3 Qe8 24. Bxb6 Bd8 25. Nxc8 Bxb6 26. Nxb6 Rb7 27. Na4 Rxb1 28. Rxb1 Qxa4 29. Qb3 Qd7 30. f3 Nh5 31. Kf2 Re8 32. a4 Qe7 33. g3 Qe2+ 34. Kg1 Re3 35. Qb8+ Kh7 36. Qxd6 Rxf3 0-1

[Event "Caioba Telecom op"]
[Site "Caioba"]
[Date "2018.08.01"]
[Round "1"]
[White "De Souza Monteiro, Marcos Paulo"]
[Black "Buiar, Maria Eduarda Beral"]
[Result "1-0"]
[WhiteElo "1954"]
[BlackElo "1273"]
[PlyCount "95"]
[EventDate "2018.08.01"]
[EventType "swiss"]
[EventRounds "9"]
[EventCountry "BRA"]
[SourceTitle "CBM 186 Extra"]
[Source "ChessBase"]
[SourceDate "2018.08.24"]
[SourceVersion "1"]
[SourceVersionDate "2018.08.24"]
[SourceQuality "1"]

1. d4 Nf6 2. c4 g6 3. Nc3 d5 4. cxd5 Nxd5 5. e4 Nxc3 6. bxc3 Bg7 7. Rb1 c5 8. Bb5+ Nc6 9. d5 a6 10. Bxc6+ bxc6 11. Ne2 cxd5 12. exd5 0-0 13. 0-0 Bf5 14. Rb7 Be4 15. c4 Re8 16. Bf4 e5 17. Be3 Qc8 18. Rb6 Qc7 19. Rc6 Qa5 20. Ng3 Bf5 21. Nxf5 gxf5 22. Qc2 f4 23. Bxc5 Rac8 24. Bb6 Qa3 25. Rxc8 Rxc8 26. c5 Bf8 27. Qf5 Re8 28. c6 Qb4 29. c7 Qxb6 30. c8Q Rxc8 31. Qxc8 Qd6 32. Qc6 Qa3 33. Rd1 Qxa2 34. d6 Qe2 35. Qf3 Qb5 36. d7 Be7 37. d8Q+ Bxd8 38. Rxd8+ Kg7 39. Qg4+ Kf6 40. Qh4+ Ke6 41. Qh6+ Kf5 42. Qxh7+ Ke6 43. h4 a5 44. Qh6+ Kf5 45. Rd6 Qa4 46. Qh7+ Kg4 47. f3+ Kg3 48. Qg7+ 1-0